LEADER 01101nam a2200289 i 4500 001 000000126519 003 CaOOAMICUS 005 20060110000000.0 008 060110s1999 it u000 u ita u 013 $a99227 020 $a88-11-60009-X 040 $aSeMil$bita 100 1 $aLuzi, Mario,$d<1914-2005>.$0(OLS)http://semarc/name/1555 245 10$aColloquio :$bun dialogo con Mario Specchio /$cMario Luzi. 260 $aMilano :$bGarzanti,$c1999. 300 $a307 p. ;$c21 cm. 490 0 $aSaggi blu 500 $aFondo Card. C.M. Martini. 650 4$aLuzi, Mario <1914-2005> - Interviste.$0(OLS)http://semarc/subject/24730 830 0$aSaggi blu.$0(OLS)http://semarc/title/7183 850 $aSeMil 852 $aSeMil$W1$xVenegono$y1$m1B IV 141$j80885$B80885$CSeMilBibl$Z2$F107651 $81 941 1 $a4 961 $aOmaggio: Martini Card. Carlo Maria 996 $6020$a88-11-60009-X$9(OLS)http://semarc/number/112721 996 $6245$aColloquio :$bun dialogo con Mario Specchio$9(OLS)http://semarc/title/186562 996 $6260$aMilano :$bGarzanti$9(OLS)http://semarc/publisher/29852 LEADER 01140nam a2200253 i 4500 001 000000207851 003 CaOOAMICUS 005 20260417145344.0 008 111107s1872 it u000 u ita u 013 $a186634 040 $aSeMil$bita 100 1 $aMachiavelli, Niccolň ,$d<1469-1527>.$0(OLS)http://semarc/name/1234 245 13$aLe istorie fiorentine /$cdi Niccolň Machiavelli ; annotate ad uso delle scuole da Pietro Ravasio. 250 $a6. ed. stereotipa. 260 $aFirenze :$bG. Barbčra,$c1872. 300 $aXVI, 341 p. ;$c19 cm. 490 0 $aNuova collezione scolastica : secondo i programmi del Ministero della pubblica istruzione 700 1 $aRavasio, Pietro.$0(OLS)http://semarc/name/74609 830 0$aNuova collezione scolastica : secondo i programmi del Ministero della pubblica istruzione.$0(OLS)http://semarc/title/33782 850 $aSeMil 852 $aSeMil$W1$xVenegono$y1$m1R I 41 FA$j158310$B158310$CSeMilBibl$Z2$F169520 $8I 996 $6245$aLe istorie fiorentine$9(OLS)http://semarc/title/121996 996 $6260$aFirenze :$bG. Barbčra$9(OLS)http://semarc/publisher/31283